000 00395 a2200157 4500
001 155240
040 _cEscola São Tomás de Aquino
100 _aHERNÁNDES, Josephine Sánches
240 1 0 _aProjeto Radix
_lpor
245 1 0 _aProjeto Radix
300 _a208
362 0 _a2005
440 1 _aScipione
697 _aSistemas de escrita, fonologia, fonética da norma espanhola
942 _cBK
999 _c155240
_d155240